| 000 | 00000nam##2200000za#4500 |
| 001 | 9.581629 |
| 003 | CaOODSP |
| 005 | 20231208112833 |
| 007 | cr ||||||||||| |
| 008 | 150406|2011||||xxc|||||o f|0| 0 eng|d |
| 040 | |aCaOODSP|beng |
| 043 | |an-cn--- |
| 086 | 1 |aPS83-5/R252E-PDF |
| 110 | 1 |aCorrectional Service Canada. |bResearch Branch. |
| 245 | 10|aSexual offenders with an LTSO designation residing in a Community Correctional Centre (CCC) : |h[electronic resource]|bcomparison to other groups residing in CCCs / |cprepared by : Marsha Axford. |
| 260 | |aOttawa - Ontario : |bCorrectional Service Canada. |cAugust 2011. |
| 300 | |a1p. |
| 490 | 1 |aResearch at a glance|vR-252 |
| 590 | |a15-05-Supp|b2015-03-31 |
| 690 | 07|aMental health|2gcpds |
| 690 | 07|aSexual offenses|2gcpds |
| 775 | 08|tDélinquants sexuels déclarés délinquants à contrôler dans les centres correctionnels communautaires (CCC) : |w(CaOODSP)9.608398 |
| 830 | #0|aResearch at a glance (Correctional Service Canada)|vR-252|w(CaOODSP)9.506649 |
| 856 | 40|ahttp://publications.gc.ca|qPDF|s187 KB|uhttps://publications.gc.ca/collections/collection_2015/scc-csc/PS83-5-R252-eng.pdf|yR-252 |